[Event "Reykjavik Open 2024"]
[Site "Reykjavik ISL"]
[Date "2024.03.16"]
[Round "3.15"]
[White "Nevednichy, Vladislav"]
[Black "Heimisson, Hilmir Freyr"]
[Result "1-0"]
[WhiteTitle "GM"]
[BlackTitle "IM"]
[WhiteElo "2445"]
[BlackElo "2355"]
[WhiteFideId "1205730"]
[BlackFideId "2309998"]
[EventDate "2024.03.15"]

1. e4 e5 2. Bc4 Nf6 3. d3 Nc6 4. Nf3 h6 5. c3 d6 6. O-O g5 7. Nbd2 Bg7 8. Bb3 a5
9. a4 Bd7 10. Nc4 Be6 11. Re1 g4 12. Nfd2 h5 13. Ne3 Qd7 14. Bc4 Ne7 15. d4 exd4
16. Bxe6 fxe6 17. cxd4 d5 18. e5 Ne4 19. Nxe4 dxe4 20. Nc2 O-O 21. Rxe4 Rf7 22.
Bg5 Ng6 23. Re2 Rf5 24. Qd2 Kh7 25. g3 Raf8 26. Rae1 b6 27. b3 R8f7 28. Bf6 Bh6
29. Qd3 Rf3 30. Qc4 c6 31. Ne3 Rf8 32. Ng2 Qd5 33. Rc2 Rc8 34. Qxd5 exd5 35. Rb1
Rd3 36. e6 Rf3 37. Be5 Nxe5 38. dxe5 Rf5 39. Re1 c5 40. Nh4 Rg5 41. f4 gxf3 42.
Nxf3 Rg6 43. Rd1 d4 44. Nxd4 Be3+ 45. Kg2 Bxd4 46. Rxd4 cxd4 47. Rxc8 Rxe6 48.
Rd8 Rxe5 49. Rxd4 b5 50. Kf3 Rc5 51. Ke4 bxa4 52. bxa4 Rc2 53. h4 Rc3 54. Kf4
Kg6 55. Rd6+ Kf7 56. Rd5 Rc4+ 57. Kg5 Rg4+ 58. Kxh5 Rxg3 59. Rf5+ Ke6 60. Rxa5
Kf7 61. Rf5+ Ke6 62. Rb5 Kf7 63. a5 Ra3 64. Kg5 Ra1 65. h5 Rg1+ 66. Kf5 Rf1+ 67.
Ke5 Ke7 68. Rb7+ Kd8 69. h6 Re1+ 70. Kd6 Rd1+ 71. Kc6 Rc1+ 72. Kb6 1-0

[Event "Reykjavik Open 2024"]
[Site "Reykjavik ISL"]
[Date "2024.03.16"]
[Round "3.16"]
[White "Jacobsen, Mikkel Manosri"]
[Black "Injac, Teodora"]
[Result "0-1"]
[WhiteTitle "FM"]
[BlackTitle "IM"]
[WhiteElo "2367"]
[BlackElo "2434"]
[WhiteFideId "1444514"]
[BlackFideId "932400"]
[EventDate "2024.03.15"]

1. c4 c6 2. g3 d5 3. Nf3 g6 4. Bg2 Bg7 5. O-O Nf6 6. b3 O-O 7. Bb2 Bg4 8. h3
Bxf3 9. Bxf3 Re8 10. d4 Nbd7 11. Nd2 e5 12. cxd5 cxd5 13. dxe5 Nxe5 14. Bg2 Qe7
15. Rc1 Rad8 16. Rc2 d4 17. Re1 Nd3 18. Ba3 Qe6 19. Rf1 Ne5 20. Nc4 Nc6 21. Nd2
Nd5 22. Ne4 Nc3 23. Nc5 Qe7 24. Qc1 Qc7 25. e3 a5 26. Nxb7 Rd7 27. Bb2 Nb4 28.
Bxc3 dxc3 29. Re2 Rb8 30. a3 Nd3 31. Qc2 Rxb7 32. Rd1 Ne5 33. Rd4 Rb8 0-1

[Event "Reykjavik Open 2024"]
[Site "Reykjavik ISL"]
[Date "2024.03.16"]
[Round "3.17"]
[White "Large, Peter G"]
[Black "Deac, Bogdan-Daniel"]
[Result "0-1"]
[WhiteTitle "IM"]
[BlackTitle "GM"]
[WhiteElo "2262"]
[BlackElo "2690"]
[WhiteFideId "400866"]
[BlackFideId "1226380"]
[EventDate "2024.03.15"]

1. e4 c6 2. d4 d5 3. exd5 cxd5 4. c4 Nf6 5. Nc3 e6 6. Nf3 Bb4 7. Bd3 dxc4 8.
Bxc4 Qc7 9. Qe2 O-O 10. O-O Nbd7 11. Nb5 Qd8 12. a3 Ba5 13. Ba2 a6 14. Nd6 Qe7
15. Nf5 Qd8 16. Nd6 Nb8 17. Nxc8 Qxc8 18. Bg5 Nbd7 19. Rac1 Qb8 20. Ne5 Re8 21.
Nxd7 Nxd7 22. d5 Nf8 23. Qf3 Qe5 24. Rc5 Qxb2 25. dxe6 fxe6 26. Rxa5 b6 27. Rf5
Qxa2 28. Rf7 Qd5 29. Rd1 Qxg5 0-1

[Event "Reykjavik Open 2024"]
[Site "Reykjavik ISL"]
[Date "2024.03.16"]
[Round "3.20"]
[White "Wong-Godfrey, Emerson P"]
[Black "Fossheim, Yngve"]
[Result "1/2-1/2"]
[WhiteElo "1799"]
[BlackElo "2090"]
[WhiteFideId "30996309"]
[BlackFideId "1512277"]
[EventDate "2024.03.15"]

1. e4 c5 2. c3 d5 3. exd5 Qxd5 4. d4 Nc6 5. Nf3 Bg4 6. Be2 cxd4 7. cxd4 e6 8.
O-O Nf6 9. Nc3 Qa5 10. h3 Bh5 11. Bd2 Bd6 12. Rc1 O-O 13. Ne4 Qd8 14. Nxf6+ gxf6
15. Bc3 Ne7 16. Nh2 Bxe2 17. Qxe2 Bxh2+ 18. Kxh2 Nd5 19. Bd2 Qd6+ 20. g3 Kh8 21.
Qh5 Qd7 22. Qf3 Rg8 23. Rc5 Rg6 24. Rfc1 Rag8 25. h4 Qd6 26. h5 Rg4 27. Rc8 f5
28. Bh6 Qd7 29. Rxg8+ Rxg8 30. Qe2 Qd6 31. Qe5+ Qxe5 32. dxe5 Re8 33. Bg5 Kg7
34. a4 Rb8 35. Kg2 Kf8 36. Kf3 Ke8 37. Be3 a6 38. a5 Kd7 39. Rc4 Rc8 40. Rxc8
Kxc8 41. Bd2 Kd7 42. g4 f6 43. gxf5 exf5 44. exf6 Nxf6 45. Kf4 Ke6 46. h6 Ng4
47. Kg3 Kf6 48. f3 Ne5 49. Bc3 Ke6 50. Bxe5 Kxe5 51. b3 Kf6 52. Kf4 Kg6 53. Ke5
Kxh6 54. Kxf5 Kg7 55. Ke6 h5 56. Kf5 1/2-1/2

[Event "Reykjavik Open 2024"]
[Site "Reykjavik ISL"]
[Date "2024.03.16"]
[Round "3.22"]
[White "Hu, Zhening"]
[Black "Manucharyan, Andriy"]
[Result "0-1"]
[WhiteElo "1776"]
[BlackElo "2080"]
[WhiteFideId "8622795"]
[BlackFideId "16260910"]
[EventDate "2024.03.15"]

1. d4 Nf6 2. c4 e6 3. Nc3 Bb4 4. Bd2 b6 5. Nf3 O-O 6. e3 Bb7 7. Bd3 Bxc3 8. Bxc3
Ne4 9. Bb4 d6 10. O-O f5 11. Qe2 Rf6 12. Nd2 Rh6 13. g3 Nd7 14. f3 Ng5 15. Bc3
Nh3+ 16. Kh1 Qg5 17. e4 f4 18. g4 e5 19. d5 Qg6 20. b4 Ng5 21. Rf2 Rh3 22. Rg2
Rf8 23. Qf2 Nf6 24. Re1 Kf7 25. Reg1 Rh8 26. c5 Bxd5 27. Qe2 Be6 28. Bc4 Nd7 29.
Rd1 bxc5 30. Rf2 h5 31. Bxe6+ Nxe6 32. Rg1 hxg4 33. Rxg4 Qh5 34. bxc5 Ndxc5 35.
Nf1 Rb8 36. Nd2 Kf8 37. Rfg2 g5 38. Qc4 Qf7 39. Qd5 Qe7 40. Rg1 Nd7 41. Qa5 Nb6
42. R4g2 Qh7 43. Bb4 c5 44. Bc3 g4 45. fxg4 Rb7 46. Re2 Rg7 47. Nf1 Ng5 48. Bxe5
dxe5 49. Qxc5+ Re7 50. Qc6 Rh6 51. Qc3 Nxe4 52. Qb4 Nd6 53. g5 Rhe6 54. Nd2 Qd3
55. Rf2 Qd5+ 56. Rgg2 Nbc4 57. Qb3 Kg7 58. Nxc4 Qxc4 59. Qf3 Nf5 60. Rc2 Qa6 61.
Qh5 Ne3 62. g6 Rxg6 63. Rc3 0-1

[Event "Reykjavik Open 2024"]
[Site "Reykjavik ISL"]
[Date "2024.03.16"]
[Round "3.26"]
[White "Ivanchuk, Vasyl"]
[Black "Stelmaszyk, Nico"]
[Result "1-0"]
[WhiteTitle "GM"]
[BlackTitle "FM"]
[WhiteElo "2625"]
[BlackElo "2347"]
[WhiteFideId "14100010"]
[BlackFideId "16200462"]
[EventDate "2024.03.15"]

1. d4 d5 2. c4 dxc4 3. e4 b5 4. a4 c6 5. Nc3 b4 6. Na2 e6 7. Bxc4 Nf6 8. f3 c5
9. Ne2 Be7 10. Be3 Ba6 11. Bb5+ Bxb5 12. axb5 Qb6 13. dxc5 Qxb5 14. Nd4 Qa5 15.
Nc3 Qxc5 16. Ncb5 Qb6 17. Rc1 O-O 18. Nc7 Nbd7 19. Nxa8 Rxa8 20. Rc6 Qb7 21. Rc2
Bc5 22. Qe2 Qb6 23. Rd2 a5 24. Kf2 a4 25. Rc1 h6 26. Nc2 a3 27. bxa3 bxa3 28.
Ne1 a2 29. Ra1 Ra3 30. Bxc5 Qxc5+ 31. Kf1 Qe5 32. Rdxa2 Rxa2 33. Rxa2 Qxh2 34.
Nd3 Ne5 35. Nxe5 Qxe5 36. Qb2 Qf4 37. Qd2 Qc7 38. Kg1 Qc5+ 39. Qf2 Qc1+ 40. Kh2
g6 41. g3 Kg7 42. Kg2 Qg5 43. Qd2 Qe5 44. Ra5 Qc7 45. Rb5 Nh5 46. e5 g5 47. Qd3
Qc6 48. Kh2 Qa6 49. Qe2 Qa3 50. Qf2 Qd3 51. Rb4 Kg6 52. Rb2 Ng7 53. g4 h5 54.
Qc2 Qxc2+ 55. Rxc2 f6 56. exf6 Kxf6 57. Kg3 h4+ 58. Kf2 Ne8 59. Rc6 Ke5 60. Rc5+
Kf4 61. Rc4+ Ke5 62. f4+ gxf4 63. Kf3 Kf6 64. Rxf4+ Kg5 65. Re4 Kf6 66. Kg2 Kg5
67. Kf3 Kf6 68. Kf4 Ng7 69. Re5 Kg6 70. Ra5 Kh6 71. Kf3 Kg6 72. Kg2 Kf6 73. Kh3
e5 74. Kxh4 Ne6 75. Ra6 e4 76. Kg3 Ke5 77. Ra5+ Kd4 78. g5 e3 79. g6 1-0

[Event "Reykjavik Open 2024"]
[Site "Reykjavik ISL"]
[Date "2024.03.16"]
[Round "3.27"]
[White "Moussard, Jules"]
[Black "Ragnarsson, Dagur"]
[Result "1-0"]
[WhiteTitle "GM"]
[BlackTitle "IM"]
[WhiteElo "2621"]
[BlackElo "2337"]
[WhiteFideId "642908"]
[BlackFideId "2304058"]
[EventDate "2024.03.15"]

1. c4 c6 2. Nf3 d5 3. e3 Nf6 4. d4 Bf5 5. Nc3 e6 6. Nh4 Bg6 7. Be2 Nbd7 8. O-O
Bd6 9. g3 dxc4 10. Nxg6 hxg6 11. Bxc4 Qa5 12. e4 b5 13. Bd3 b4 14. Nb1 e5 15.
Nd2 exd4 16. Nc4 Qc5 17. Bd2 Be7 18. Re1 Ne5 19. Bxb4 Qxb4 20. Nxe5 Qc5 21. Qa4
Kf8 22. f4 Rc8 23. Qb3 1-0

[Event "Reykjavik Open 2024"]
[Site "Reykjavik ISL"]
[Date "2024.03.16"]
[Round "3.28"]
[White "Cieslak, Patryk"]
[Black "Cornette, Matthieu"]
[Result "1-0"]
[WhiteTitle "FM"]
[BlackTitle "GM"]
[WhiteElo "2325"]
[BlackElo "2575"]
[WhiteFideId "21078882"]
[BlackFideId "620084"]
[EventDate "2024.03.15"]

1. e4 c5 2. Nf3 Nc6 3. d4 cxd4 4. Nxd4 e5 5. Nb5 d6 6. c4 g6 7. N1c3 a6 8. Na3
Be6 9. Be3 Bg7 10. Nc2 Nf6 11. Be2 Rc8 12. O-O O-O 13. Rc1 Ne7 14. Na3 Nc6 15.
Nc2 Na5 16. b3 b5 17. Nd5 Bxd5 18. exd5 bxc4 19. b4 Nb7 20. Na3 a5 21. b5 c3 22.
Nc4 Nd7 23. Rxc3 f5 24. Rc1 f4 25. Bd2 Nf6 26. Qe1 Ra8 27. a4 Ne4 28. b6 Nec5
29. Nxa5 Qxb6 30. Nxb7 Qxb7 31. Bb5 f3 32. gxf3 Qc8 33. Qe3 Rf4 34. Qe2 Rh4 35.
Rc4 Qh3 36. Rxh4 Qxh4 37. Qe3 e4 38. Qg5 Qxg5+ 39. Bxg5 exf3 40. Bf4 Nxa4 41.
Bc6 Ra6 42. Bxd6 Nc3 43. Bc7 Ne2+ 44. Kh1 Nd4 45. Bd7 Ra7 46. d6 Be5 47. Bc8 Ra4
48. Rd1 Nb5 49. Bd7 Rb4 50. Ba5 Rd4 51. Re1 Bxd6 52. Bxb5 Rh4 53. Bc6 Rxh2+ 54.
Kg1 Rg2+ 55. Kf1 Bc5 56. Re2 fxe2+ 57. Kxg2 Bd4 58. Bf3 Kg7 59. Bxe2 Kf6 60.
Bd8+ Kg7 61. Kg3 Be5+ 62. Kf3 Bd4 63. Bg5 h5 64. Be3 Bf6 65. Ke4 Kh7 66. Kd5 Be7
67. Ke6 Bb4 68. Kf7 1-0

[Event "Reykjavik Open 2024"]
[Site "Reykjavik ISL"]
[Date "2024.03.16"]
[Round "3.29"]
[White "Pultinevicius, Paulius"]
[Black "Mendes Aaron Reeve"]
[Result "1-0"]
[WhiteTitle "GM"]
[BlackTitle "FM"]
[WhiteElo "2575"]
[BlackElo "2309"]
[WhiteFideId "12809390"]
[BlackFideId "25954938"]
[EventDate "2024.03.15"]

1. Nf3 d5 2. g3 Nd7 3. Bg2 e5 4. d3 Ngf6 5. O-O Bd6 6. Nc3 c6 7. e4 d4 8. Ne2
O-O 9. Ne1 c5 10. h3 Qc7 11. f4 b6 12. f5 Ne8 13. g4 f6 14. h4 Be7 15. g5 fxg5
16. hxg5 Qd8 17. Nf3 Ba6 18. Rf2 Nd6 19. Bf1 Qe8 20. Ng3 Rc8 21. b3 Bd8 22. Nh4
b5 23. a4 Bb7 24. Be2 Bb6 25. axb5 Nxb5 26. Bh5 Qd8 27. Qg4 Rc6 28. f6 Nd6 29.
Ngf5 Nxf5 30. Nxf5 g6 31. Bxg6 hxg6 32. Nh6+ Kh7 33. Qh4 Qc7 34. Nf7+ Kg8 35.
Qh8+ Kxf7 36. Qh7+ Ke6 37. Qe7# 1-0

[Event "Reykjavik Open 2024"]
[Site "Reykjavik ISL"]
[Date "2024.03.16"]
[Round "3.30"]
[White "Galperin, Platon"]
[Black "Papadiamandis, Elliot"]
[Result "1/2-1/2"]
[WhiteTitle "GM"]
[BlackTitle "IM"]
[WhiteElo "2555"]
[BlackElo "2302"]
[WhiteFideId "14165414"]
[BlackFideId "36074160"]
[EventDate "2024.03.15"]

1. e4 c5 2. c3 Nf6 3. e5 Nd5 4. Nf3 e6 5. a3 d6 6. d4 Nc6 7. c4 Nc7 8. dxc5 dxe5
9. Qxd8+ Nxd8 10. Be3 f6 11. Nc3 Bd7 12. b4 Nf7 13. Be2 Be7 14. Nd2 f5 15. Nb3
O-O 16. O-O-O Rfd8 17. Na5 Rab8 18. c6 Bxc6 19. Bxa7 Rbc8 20. Nxc6 bxc6 21. Bb6
e4 22. Kb2 Kf8 23. Kb3 Ne5 24. Rxd8+ Bxd8 25. Rd1 Ke8 26. a4 Nd7 27. a5 Rb8 28.
Na4 c5 29. b5 Nxb6 30. axb6 Na8 31. Nxc5 Bxb6 32. Nxe6 Kf7 33. Rd6 Bxf2 34. c5
Ke7 35. Ra6 g6 36. Kc4 Nb6+ 37. Rxb6 1/2-1/2

[Event "Reykjavik Open 2024"]
[Site "Reykjavik ISL"]
[Date "2024.03.16"]
[Round "3.31"]
[White "Bjornsson, Sigurbjorn"]
[Black "Can, Emre"]
[Result "0-1"]
[WhiteTitle "FM"]
[BlackTitle "GM"]
[WhiteElo "2305"]
[BlackElo "2551"]
[WhiteFideId "2300974"]
[BlackFideId "6302181"]
[EventDate "2024.03.15"]

1. e4 c5 2. Nf3 Nc6 3. d4 cxd4 4. Nxd4 g6 5. Nc3 Bg7 6. Be3 Nf6 7. Bc4 O-O 8.
Bb3 d6 9. f3 Qa5 10. Qd2 Nxd4 11. Bxd4 Be6 12. Bxe6 fxe6 13. h4 Rac8 14. h5 e5
15. h6 Bxh6 16. Rxh6 exd4 17. Qxd4 Qg5 18. Rh1 Qxg2 19. O-O-O Qxf3 20. Rdf1 Qg4
21. Rhg1 Qd7 22. Qxa7 Rc5 23. Qb6 Re5 24. Qe3 Rf7 25. Qf4 Qe6 26. Qh4 Kg7 27.
Re1 Rh5 28. Qf2 Qe5 29. Qb6 e6 30. Rd1 Nxe4 31. Nxe4 Qxe4 32. Rxd6 Rh2 33. Qc5
Rxc2+ 34. Qxc2 Qe3+ 35. Kb1 Qxg1+ 36. Rd1 Qg5 37. Qb3 h5 38. a3 h4 39. Qc3+ Qf6
40. Qc8 e5 41. Ka1 e4 0-1

[Event "Reykjavik Open 2024"]
[Site "Reykjavik ISL"]
[Date "2024.03.16"]
[Round "3.33"]
[White "Fernandez, Daniel Howard"]
[Black "Soderstrom, Adrian"]
[Result "0-1"]
[WhiteTitle "GM"]
[BlackTitle "FM"]
[WhiteElo "2532"]
[BlackElo "2288"]
[WhiteFideId "5801605"]
[BlackFideId "1745786"]
[EventDate "2024.03.15"]

1. Nf3 d5 2. e3 Nf6 3. c4 e6 4. Nc3 c6 5. b3 Bd6 6. Bb2 O-O 7. d4 Nbd7 8. Qc2 e5
9. cxd5 cxd5 10. dxe5 Nxe5 11. Be2 Nxf3+ 12. Bxf3 d4 13. exd4 Re8+ 14. Kf1 Qa5
15. h3 Bf5 16. Qd2 Rac8 17. g4 Bb4 18. gxf5 Rxc3 19. Bxc3 Bxc3 20. Qd1 Bxa1 21.
Qxa1 Qxf5 22. Qd1 Ne4 23. Bxe4 Rxe4 24. Kg2 Qg5+ 25. Kh2 Qf4+ 26. Kg2 Rxd4 27.
Re1 g6 28. Qa1 Qg5+ 29. Kf1 Qb5+ 30. Kg1 Qg5+ 31. Kf1 Qd5 32. Kg1 h5 33. Qc3 Qd7
34. Qe3 Kh7 35. Qe7 Rd1 36. Kh2 Rd2 37. Qxd7 Rxd7 38. Kg3 Kg7 39. h4 Kf6 40. Rc1
Ke6 41. f3 b6 42. a4 f6 43. Rc6+ Ke5 44. a5 bxa5 45. Ra6 Rd5 46. Rxa7 Kd4 47.
Ra6 Kc3 48. Rb6 Rf5 49. Rb7 Kb2 50. Rb6 Ka3 51. Rb7 g5 52. Rb8 gxh4+ 53. Kh2 Kb2
54. Rb7 Kc3 55. Rb6 Kc2 56. Rb7 h3 57. Rb6 Rxf3 58. Rb5 Rxb3 59. Rxa5 Rf3 60.
Rxh5 Kd3 61. Ra5 Ke4 62. Ra4+ Kf5 63. Rb4 Kg5 64. Ra4 f5 65. Rb4 Re3 66. Ra4 f4
67. Ra8 Kg4 68. Rg8+ Kf3 69. Ra8 Re7 70. Ra6 Kf2 71. Kxh3 f3 72. Ra2+ Re2 73.
Ra1 Rd2 74. Kh2 Rd8 75. Ra2+ Ke3 76. Ra3+ Rd3 77. Ra1 Rd7 78. Ra3+ Ke2 79. Ra2+
Rd2 80. Ra1 Kf2 81. Rc1 Rd8 82. Rc2+ Ke3 83. Rc3+ Ke2 84. Rc2+ Rd2 85. Rc1 Rd1
86. Rc2+ Kf1 87. Rc1 Ke2 88. Rc2+ Kd3 0-1

[Event "Reykjavik Open 2024"]
[Site "Reykjavik ISL"]
[Date "2024.03.16"]
[Round "3.35"]
[White "Unzicker, Ferdinand"]
[Black "Krzyzanowski, Marcin"]
[Result "0-1"]
[WhiteTitle "FM"]
[BlackTitle "GM"]
[WhiteElo "2284"]
[BlackElo "2524"]
[WhiteFideId "4619196"]
[BlackFideId "1132199"]
[EventDate "2024.03.15"]

1. c4 e5 2. g3 Nf6 3. Bg2 d5 4. cxd5 Nxd5 5. Nc3 Nb6 6. Nf3 Nc6 7. O-O Be7 8. d3
O-O 9. Be3 Re8 10. Rc1 Bf8 11. d4 exd4 12. Nxd4 Nxd4 13. Bxd4 c6 14. b3 Bg4 15.
f3 Be6 16. e4 Ba3 17. Rc2 Qe7 18. Qa1 Bc5 19. Ne2 Bxd4+ 20. Nxd4 a5 21. Qc3 Qb4
22. Nxe6 Qxc3 23. Rxc3 fxe6 24. Rd1 Red8 25. Rcd3 Rxd3 26. Rxd3 a4 27. b4 Kf7
28. Kf2 Ke7 29. Bf1 Nd7 30. Rc3 a3 31. Ke3 Ra4 32. Rb3 c5 33. bxc5 Nxc5 34. Rb5
Kd6 35. e5+ Kc6 36. Rb1 Ra5 37. f4 b5 38. Kd4 Kb6 39. Kc3 g6 40. Be2 Ne4+ 41.
Kc2 Nc5 42. Rb4 Na6 43. Rd4 Kc5 44. Rd6 Nb4+ 45. Kb1 Nd5 46. Kc2 Ra4 47. Bg4
Ne3+ 48. Kb3 Nxg4 49. Rxe6 Ne3 50. Re7 Rb4+ 0-1

[Event "Reykjavik Open 2024"]
[Site "Reykjavik ISL"]
[Date "2024.03.16"]
[Round "3.36"]
[White "Gokerkan, Cem Kaan"]
[Black "Mohamed, Anees M"]
[Result "1/2-1/2"]
[WhiteTitle "GM"]
[BlackTitle "FM"]
[WhiteElo "2523"]
[BlackElo "2271"]
[WhiteFideId "6336760"]
[BlackFideId "35065815"]
[EventDate "2024.03.15"]

1. Nf3 d5 2. g3 Bf5 3. Bg2 e6 4. O-O Nf6 5. c4 c6 6. Qb3 Qb6 7. d3 h6 8. cxd5
exd5 9. Qc2 Qc5 10. Qc3 Nbd7 11. Be3 Qxc3 12. bxc3 Bd6 13. a4 O-O 14. a5 a6 15.
Nd4 Bh7 16. Bh3 Ne5 17. Nb3 Rfe8 18. Ra2 Re7 19. Bc5 Ne8 20. N1d2 g5 21. Rb1 g4
22. Bf1 Nd7 23. Be3 h5 24. c4 Nef6 25. Bg5 Kg7 26. cxd5 cxd5 27. Nd4 Nc5 28. Rc2
Ne6 29. Be3 Rd8 30. N2b3 Rdd7 31. Nxe6+ fxe6 32. Bb6 e5 33. Nc5 Bxc5 34. Bxc5
Re6 35. Rcb2 Rc6 36. Ba7 e4 37. Rxb7 exd3 38. exd3 Bf5 39. Bd4 Kf7 40. R7b6 Rdc7
41. Rxc6 Rxc6 42. Rb6 Rxb6 43. Bxb6 Ne8 44. d4 Bc8 45. Bc5 Nf6 46. Bd6 Ne4 47.
Bf4 Nc3 48. Kg2 Nb5 49. Be5 Na3 50. Bd3 Nc4 51. Bc7 Kf6 52. f3 Nd2 53. fxg4 hxg4
54. Bd8+ Kf7 55. Be2 Ne4 56. Bb6 Kf6 57. Bd3 Kf7 58. Kf1 Nd2+ 59. Ke2 Nc4 60.
Bc7 Ke7 61. Bb6 Kd6 62. Bc5+ Kc6 63. Bb4 Kb5 64. Be1 Ka4 65. Bg6 Bd7 66. Bf7
Nxa5 67. Bxd5 Nc6 68. Ke3 Nb4 69. Be4 a5 70. d5 Kb3 71. d6 Kc4 72. Kf4 a4 73.
Bf5 a3 74. Bxd7 Nd5+ 75. Kg5 a2 76. Bb5+ Kxb5 77. d7 a1=Q 78. d8=Q Qg7+ 79. Kf5
Kc4 80. Qc8+ Kb3 81. Qe6 Qd4 82. Kg5 Kc2 83. Bf2 Qg7+ 84. Kh4 Nf6 85. Qe2+ Kc3
86. Qe3+ Kc2 87. Qe2+ Kc3 88. Be3 Qg6 89. Qd2+ Kb3 90. Qd1+ Kc4 91. Qd4+ Kb3 92.
Qd1+ Kc4 93. Qd4+ Kb3 94. Qe5 Kc4 95. Qg5 Qf7 96. Qf5 Qg7 97. Qg5 Qf7 98. Qh6
Kd3 99. Bg5 Ne4 100. Qa6+ Kd4 101. Qa1+ Nc3 102. Qg1+ Kc4 103. Qe3 Qh7+ 104. Bh6
Nd5 105. Qe6 Kc5 106. Kxg4 Qd3 107. Bf8+ Kd4 108. Bg7+ Kc5 109. Qc8+ Kd6 110.
Bf8+ Ke5 111. Bg7+ Kd6 112. Qf8+ Ke6 113. Qg8+ Ke7 114. Bf8+ Kf6 115. Bg7+ Ke7
116. Qf8+ Ke6 117. Qc8+ Kf7 118. Qf8+ Ke6 1/2-1/2

[Event "Reykjavik Open 2024"]
[Site "Reykjavik ISL"]
[Date "2024.03.16"]
[Round "3.37"]
[White "Bisby, Daniel L"]
[Black "Prraneeth, Vuppala"]
[Result "1-0"]
[WhiteTitle "FM"]
[BlackTitle "GM"]
[WhiteElo "2273"]
[BlackElo "2506"]
[WhiteFideId "404586"]
[BlackFideId "46622373"]
[EventDate "2024.03.15"]

1. e4 c5 2. Nf3 d6 3. c3 Nf6 4. Be2 g6 5. O-O Bg7 6. d3 O-O 7. Nbd2 Nc6 8. Re1
e5 9. a3 a6 10. Bf1 b5 11. b4 Bb7 12. Nb3 Nd7 13. bxc5 dxc5 14. Bg5 Qc7 15. Qd2
Qd6 16. Bh6 Rfd8 17. Bxg7 Kxg7 18. Qe3 Rac8 19. h4 Re8 20. g3 Nd8 21. Bh3 Ne6
22. h5 Nb6 23. Rad1 Rc7 24. Nbd2 Na4 25. Bxe6 Qxe6 26. Rc1 Rec8 27. Kg2 Qf6 28.
Rh1 Kg8 29. hxg6 fxg6 30. Rh6 Rd8 31. Rch1 Nb2 32. Qg5 Qxg5 33. Nxg5 Rdd7 34.
Ne6 Nxd3 35. Nxc7 Rxc7 36. f3 c4 37. Nf1 a5 38. Ne3 b4 39. axb4 axb4 40. cxb4 c3
41. Nc2 Bc6 42. Ra1 Nb2 43. Rhh1 Ba4 44. Ne3 Kg7 45. Nd5 Rc4 46. b5 c2 47. Nb6
Rd4 48. Nxa4 Nxa4 49. Rhc1 Rd2+ 50. Kh3 Nc5 51. Ra2 Ne6 52. Raxc2 Rd3 53. Kg2
Rb3 54. Rc6 Nd4 55. Rc7+ Kf6 56. Rxh7 Rb2+ 57. Kh3 Rxb5 58. Kg4 Rb2 59. Rcc7 Rg2
60. Ra7 Rb2 61. Ra6+ Ne6 62. Rd7 Rb8 63. Rdd6 Re8 64. Rxe6+ Rxe6 65. Rxe6+ Kxe6
66. Kg5 Kf7 67. f4 exf4 68. gxf4 Kg7 69. e5 1-0

[Event "Reykjavik Open 2024"]
[Site "Reykjavik ISL"]
[Date "2024.03.16"]
[Round "3.41"]
[White "Suleymenov, Alisher"]
[Black "Dimitrijeski, Boris"]
[Result "1-0"]
[WhiteTitle "GM"]
[BlackTitle "FM"]
[WhiteElo "2506"]
[BlackElo "2183"]
[WhiteFideId "13707833"]
[BlackFideId "4638689"]
[EventDate "2024.03.15"]

1. d4 d5 2. c4 c6 3. Nf3 Nf6 4. Nc3 e6 5. e3 Nbd7 6. Be2 Bd6 7. O-O O-O 8. b3 b6
9. Bb2 Bb7 10. Bd3 c5 11. cxd5 Nxd5 12. Nxd5 Bxd5 13. e4 Bb7 14. d5 exd5 15.
exd5 Be7 16. Qc2 h6 17. Rad1 Bf6 18. Bc1 Ne5 19. Bh7+ Kh8 20. Be4 Nxf3+ 21. Bxf3
Qd7 22. Be3 Rad8 23. g3 Rfe8 24. Rd2 Kg8 25. h4 Be5 26. Kg2 Qd6 27. Re1 Qf6 28.
Red1 Bc3 29. Rd3 Be5 30. Qc4 Bc8 31. R3d2 Bd6 32. Qe2 Bf5 33. Qc4 Be5 34. Bf4
Bd4 35. Bc7 Rd7 36. d6 Bh3+ 37. Kxh3 Qxf3 38. Qf1 Re6 39. Qg2 Qf5+ 40. Kh2 Rexd6
41. Bxd6 Rxd6 42. Re2 Rf6 43. Qa8+ Kh7 44. Kg2 g6 45. Rdd2 h5 46. Re8 Rd6 47.
Rh8+ Bxh8 48. Rxd6 Be5 49. Rd8 Kg7 50. Rg8+ Kh7 51. Re8 Bd4 52. Qf3 Qd7 53. Rb8
Kg7 54. Rb7 Qe6 55. Rxa7 b5 56. Rc7 b4 57. Kf1 Qh3+ 58. Kg1 Qe6 59. Kg2 Kg8 60.
Rc6 Qd7 61. Qe4 Kg7 62. Rb6 Qd8 63. Ra6 Qd7 64. a4 bxa3 65. Rxa3 Qd6 66. Ra2 Qf6
67. Rd2 Qb6 68. Rd3 Bf6 69. Qd5 Qc7 70. Rf3 Qb6 71. Rf4 Qa7 72. Rc4 Be7 73. Qe5+
Kg8 74. Re4 Bf8 75. Qd5 Kg7 76. Re8 Qc7 77. Rd8 Qe7 1-0

[Event "Reykjavik Open 2024"]
[Site "Reykjavik ISL"]
[Date "2024.03.16"]
[Round "3.43"]
[White "Mueller, Magnus"]
[Black "Lohia, Sohum"]
[Result "1/2-1/2"]
[BlackTitle "FM"]
[WhiteElo "2144"]
[BlackElo "2354"]
[WhiteFideId "16230060"]
[BlackFideId "5819369"]
[EventDate "2024.03.15"]

1. d4 Nf6 2. c4 e6 3. Nc3 Bb4 4. a3 Bxc3+ 5. bxc3 c5 6. f3 d5 7. cxd5 exd5 8. e3
O-O 9. Bd3 b6 10. Ne2 Ba6 11. O-O Bxd3 12. Qxd3 Re8 13. Ng3 Nc6 14. Bb2 h5 15.
e4 h4 16. Nf5 c4 17. Qd2 g6 18. e5 Nh5 19. Nd6 Re6 20. f4 f5 21. Qf2 Ng7 22. a4
Ne8 23. Nxe8 Rxe8 24. g4 hxg3 25. Qxg3 Kf7 26. Ba3 Rg8 27. Kh1 Ke6 28. Rab1 g5
29. fxg5 Qxg5 30. Qf3 Rh8 31. Rf2 Rag8 32. Rbf1 Rh5 33. Rg2 Qxg2+ 34. Qxg2 Rxg2
35. Kxg2 Rg5+ 36. Kh3 Rh5+ 37. Kg2 Rg5+ 38. Kh3 Rh5+ 1/2-1/2

[Event "Reykjavik Open 2024"]
[Site "Reykjavik ISL"]
[Date "2024.03.16"]
[Round "3.46"]
[White "Thorfinnsson, Bjorn"]
[Black "Phan, Stefanus Kf"]
[Result "1-0"]
[WhiteTitle "IM"]
[WhiteElo "2353"]
[BlackElo "2019"]
[WhiteFideId "2300982"]
[BlackFideId "5806283"]
[EventDate "2024.03.15"]

1. d4 d5 2. Nf3 Nf6 3. c3 c5 4. dxc5 e6 5. b4 a5 6. Bd2 b6 7. cxb6 Qxb6 8. a3
Ba6 9. Be3 Qc7 10. Qa4+ Qc6 11. Qxc6+ Nxc6 12. Nd4 Ne5 13. b5 Bb7 14. a4 Nc4 15.
Bc1 Nd7 16. e3 Ncb6 17. Nb3 g6 18. Bd2 Bg7 19. Ra2 O-O 20. f3 Rfc8 21. Kf2 Ne5
22. Be2 h5 23. Rc1 Nec4 24. Rcc2 Rc7 25. Bc1 Bc8 26. N1d2 Nd6 27. Ba3 Nb7 28.
Bb2 Bd7 29. c4 Rac8 30. Bxg7 Kxg7 31. c5 Nxc5 32. Nxc5 Rxc5 33. Rxc5 Rxc5 34.
Nb3 Rc8 35. Bd1 Nc4 36. Rc2 Kf6 37. h4 Ke5 38. g4 hxg4 39. fxg4 Ke4 40. Rc3 Ke5
41. h5 Kf6 42. h6 e5 43. Be2 g5 44. Bxc4 dxc4 45. Nxa5 Ra8 46. b6 Bxa4 47. Rxc4
Bd7 48. b7 Rb8 49. Rc7 1-0

[Event "Reykjavik Open 2024"]
[Site "Reykjavik ISL"]
[Date "2024.03.16"]
[Round "3.47"]
[White "Naudin, Yvan"]
[Black "Olafsson, Olafur Orn"]
[Result "1-0"]
[WhiteElo "1912"]
[BlackElo "1542"]
[WhiteFideId "625957"]
[BlackFideId "2312042"]
[EventDate "2024.03.15"]

1. d4 Nf6 2. c4 e6 3. Nc3 Bb4 4. a3 Bxc3+ 5. bxc3 b6 6. f3 Bb7 7. e4 d6 8. Bd3
O-O 9. Ne2 Nbd7 10. O-O c5 11. Ng3 a5 12. f4 e5 13. fxe5 dxe5 14. d5 Ne8 15. Nf5
g6 16. Nh6+ Kg7 17. Rf3 Nd6 18. Rh3 f6 19. Qg4 Bc8 20. Qh4 Rh8 21. Rg3 Nf8 22.
Nf5+ Bxf5 23. exf5 Nf7 24. fxg6 hxg6 25. Qg4 g5 26. h4 Nh6 27. Qe4 Nf7 28. hxg5
Nd7 29. gxf6+ Kf8 30. Bg5 Rg8 31. Qf5 Ra7 32. Rf1 Qc7 33. Be4 Nd6 34. Bh6+ Kf7
35. Qe6# 1-0